000 00452nab a2200145Ia 4500
003 ES-SlBCS
005 20210601124327.0
008 140529s1997 xxu||||| |||| 00| 0 eng d
041 _aeng
100 1 _aThompson, Audrey
_9139760
245 0 0 _aSurrogate Family Values: The Refeminization of Teaching
_c Audrey Thompson
650 0 4 _aValor Familiar
_9139837
773 0 _tEducational Theory
_gvol. 47, nº. 3, 1997, págs. 315-340
_wRev1399
942 _cAR
999 _c513016
_d513016